| 000 | 00699nam a2200205 i 4500 | ||
|---|---|---|---|
| 001 | 95814 | ||
| 003 | ES-MaACL | ||
| 005 | 20251017063055.0 | ||
| 007 | t| | ||
| 008 | 050606s1957 sp ||||1| spa d | ||
| 100 | 1 |
_aMacabich Llobet, Isidoro, _d1883-1973 _975047 |
|
| 245 | 1 | 0 |
_aHistoria de Ibiza. T.1 antiguedad / _cIsidoro Macabich Llobet. |
| 260 |
_aPalma de Mallorca : _b[s.n.], _c1957 ( _fImp.Alfa) |
||
| 300 |
_a206 p. ; _c25 cm. |
||
| 500 | _aPrecede al tít.: Consejo Superior de Investigaciones Científicas. | ||
| 651 | 4 |
_aIbiza (Isla)- _xHistoria. _9168491 |
|
| 710 | 2 |
_aInstitut d'Estudis Eivissencs. _94744 |
|
| 852 |
_aES-MaACL _jE-4540 _bR.42801 |
||
| 999 |
_c95814 _d95814 |
||